000 00849nam a2200253 a 4500
999 _c11849
_d11849
001 11849
003 BD-JhCC
005 20201121101914.0
008 201121s20082017bg a||||| ||| ||0 1 ben d
020 _a9847008200527
035 _a(BD-JhCC) 11849
040 _aBD-JhCC
_dBD-JhCC
041 _aBengali
082 _a891.3
_bAHM 2017
100 _aআহমেদ, মোশতাক
245 _aসায়েন্স ফিকশন:
_bলিলিপুটের গ্রহে /
_cমোশতাক আহমেদ।
260 _aঢাকা:
_bঅনিন্দ্য প্রকাশ;
_c২০১৭.
300 _a111 p. :
_bill;
_e22 cm.
650 _aScience fiction
_v Bengali
650 _aBengali fiction
650 _aবাংলা সায়েন্স ফিকশন
942 _2ddc
_cBK